Ар өнжүүлийн салбар уулсын ховор хөхтөн амьтад, хамгаалах арга зам.- (Бичлэгийн дугаар. 93882)
[ энгийн харах ]
| 000 -Удирдлага | |
|---|---|
| Ном зүйн бүртгэл тоо буюу кодлох утгыг агуулсан | 01577nam a22002777a 4500 |
| 008 - ЕРӨНХИЙ МЭДЭЭЛЭЛ-ЭЛЕМЕНТҮҮДИЙН ӨГӨГДЛИЙН УРТ | |
| fixed length control field | 130116t mp ||||| |||| 00| 0 mon d |
| 041 ## - ХЭЛНИЙ КОД | |
| Текстийн хэлний код/фонограм буюу салангид гарчиг | Монгол |
| Орчуулгын хэл | mon |
| 084 ## - БУСАД АНГИЛЛЫН ДУГААР | |
| Ангиллын нэр | |
| Анги | 28.693.36 |
| Зохиогчийн 3-н тэмдэгт | Н-29 |
| Шинжлэх ухааны мэдлэгийн салбар | |
| 100 1# - ЗОХИОГЧИЙН ХЭСЭГ | |
| Зохиогчийн нэр | Наранбаатар Г. |
| 110 ## - ДЭЭД ГАРЧГИЙН МЭДЭЭ | |
| Эрхлэн гаргасан байгууллагын нэр | БФ-Амьтан судлалын тэнхим |
| 240 ## - ЗЭРЭГЦЭЭ ГАРЧИГ | |
| Зэрэгцээ гарчгийн нэр | МУИС-ийн дотоод сүлжээнээс электрон байдлаар харж болно. |
| 245 1# - ҮНДСЭН ГАРЧИГ | |
| Гарчиг | Ар өнжүүлийн салбар уулсын ховор хөхтөн амьтад, хамгаалах арга зам.- |
| Гарчигт хамааралтай мэдээ | Магистрын ажил: Е 420203 |
| Оролцогчдын тухай мэдээ | Удир.Батсайхан Н., Шүүмж. Шар С. |
| 260 ## - ГАРАЛТЫН ТУХАЙ МЭДЭЭ | |
| Хэвлэгдсэн газар | УБ |
| Хэвлэгдсэн он | 2008 |
| 300 ## - ТООНЫ МЭДЭЭ | |
| Хуудасны тоо | 51 хууд. |
| 500 ## - НОМЫН ТОВЧ АГУУЛГА | |
| Дэлгэрэнүй тайлбар | Дип-2664 |
| 520 ## - ХУРААНГУЙ МЭДЭЭ, ТОВЧ АГУУЛГА | |
| Эмхэтгэл, г.м | English |
| 653 ## - ТҮЛХҮҮР ҮГС | |
| Түлхүүр үг | биологи |
| 653 ## - ТҮЛХҮҮР ҮГС | |
| Түлхүүр үг | амьтан судлал |
| 653 ## - ТҮЛХҮҮР ҮГС | |
| Түлхүүр үг | хөхтөн амьтан |
| 653 ## - ТҮЛХҮҮР ҮГС | |
| Түлхүүр үг | ховордсон ан амьтан |
| 653 ## - ТҮЛХҮҮР ҮГС | |
| Түлхүүр үг | магистрын дипломын ажил |
| 740 ## - НОМЫН АГУУЛГЫН ГАРЧИГ | |
| Номын гарчгууд | Байгаль, уур амьсгалын онцлог |
| -- | Хөхтөн амьтдын зүйлийн олон янз байдал |
| -- | Зүйлийн олон янз байдлыг хамгаалах арга |
| -- | Байгаль, уур амьсгалын онцлог |
| -- | Хөхтөн амьтдын зүйлийн олон янз байдал |
| -- | Зүйлийн олон янз байдлыг хамгаалах арга |
| 856 ## - ЭЛЕКТРОН БАЙРЛАЛ БА ХОЛБООС | |
| Төрөл | |
| Файлын зам | 302664/index.html |
| 942 ## - ЭЛЕМЕНТИЙН ТӨРӨЛ | |
| Төрөл | |
| Буцаан татагдсан төлөв | Хасагдсан шалтгаан | Гэмтсэн төлөв | Данс заагч | Захиалах боломжгүй | Үндсэн номын сан | Одоогийн байршил | Бүртгэсэн огноо | Тавиурын заалт | Баркод | Үнэ | Хамгийн сүүлд байсан огноо | Нийт уншлаганд гарсан тоо | Хамгийн сүүлд уншлаганд гарсан огноо | Төрөл |
|---|---|---|---|---|---|---|---|---|---|---|---|---|---|---|
| Эрдэм судлал | Эрдэм судлал | 2013-01-16 | 302664 | 2013-1157 | 5000.00 | 2018-07-05 | 1 | 2018-07-03 | Магистрын ажил |